000 01415nam a2200241Ia 4500
003 Ost
005 20260507075329.0
008 260507s9999||||xx |||||||||||||| ||und||
020 _a14100099579
040 _cfsecg
041 _aara
082 _a330
100 _aعبوي، زيد منير
_eمؤلف
245 0 _aإدارة المؤسسات العامة وأسس تطبيق الوظائف الادارية عليها /
_c زيد منير عبوي
260 _aعمان:
_bدار الشروق,
_c2009
300 _a296 صفحة؛
_bإيضاحات ؛
_c24 سم
520 _aالمؤسسات المالية ، الادارة ، المركزية و اللامركزية في الادارة ، الادارة الاستراتيجية في المؤسسات العامة ، التخطيط و التنظيم و الرقابة و ادارة الجودة الشاملة في المؤسسات العامة ، دورة حياة المؤسسة ( المشروع ) ادارة شؤون موظفين القطاع العام ، القيادة و المالية العامة و تقييم الأداء في المؤسسات العامة ، انهاء المؤسسات العامة و التحول الى الخصخصة .
653 _aالادارة
653 _aالقطاع العام
653 _aالمؤسسات العامة
653 _aالمؤسسات العامة ــ ادارة
942 _cكتاب
999 _c43986
_d43986